=LDR 00000nam 2200000 4500 =001 INLIS000000000023027 =005 20130612121725 =008 ***********************************Ind** =035 ##$$0010-061300000023027 =041 ##$$a Ind =082 ##$$a 658.81 =090 ##$$a 658.81, Sch-m =100 ##$$a Schell, Jim =245 ##$$a Manajemen Bisnis yang menjanjikan keuntungan, Jim Schell; Alih bahasa: Rahmi Yunari Ali =260 ##$$a 1997 $b Jakarta =300 ##$$a xii, 191 hlm., 24 cm =650 ##$$a Manajemen Penjualan =850 ##$$a NBPNMAT =990 ##$$a 0001/BPAP-NTB/2016 =990 ##$$a 0001/BPAP-NTB/2016